[Event "Oberliga Nord O 2223"]
[Site "Germany"]
[Date "2023.03.19"]
[Round "7.8"]
[White "Guth, Thomas"]
[Black "Schwahn, Christian"]
[Result "1-0"]
[WhiteElo "2217"]
[BlackElo "1936"]
[PlyCount "75"]
[EventDate "2022.10.23"]
[EventType "team-tourn"]
[EventRounds "9"]
[EventCountry "GER"]
[SourceTitle "EXT 2025"]
[Source "ChessBase"]
[SourceDate "2024.10.14"]
[SourceVersion "1"]
[SourceVersionDate "2024.10.14"]
[SourceQuality "1"]
[WhiteTeam "Pankow Rotation"]
[BlackTeam "Greifswald"]
[WhiteTeamCountry "GER"]
[BlackTeamCountry "GER"]

1. e4 c6 2. d4 d5 3. Nc3 dxe4 4. Nxe4 Bf5 5. Ng3 Bg6 6. f4 e6 7. Nf3 Nd7 8. Bd3 Bd6 9. Bxg6 hxg6 10. Qe2 Ngf6 11. Bd2 Qb6 12. 0-0-0 Qa6 13. Qxa6 bxa6 14. Ne5 Rc8 15. h3 Nb6 16. Rhe1 0-0 17. Ne4 Nxe4 18. Rxe4 Nd5 19. c4 Ne7 20. Nd3 Rfd8 21. Ba5 Bc7 22. Bxc7 Rxc7 23. Nc5 Nf5 24. b3 a5 25. g4 Nd6 26. Re5 Rcc8 27. Kc2 Kh7 28. Kc3 Rh8 29. Rde1 Kg8 30. R1e3 Rh4 31. a4 Rd8 32. Nd3 Nb7 33. c5 Kf8 34. Nb2 Rd5 35. Nc4 Rxe5 36. Nxe5 Nd8 37. d5 Ke7 38. dxc6 1-0

[Event "Mecklenburg VP LL2 Ost 2223"]
[Site "Mecklenburg VP"]
[Date "2022.11.27"]
[Round "3.2"]
[White "Schreiner, Wolfgang"]
[Black "Schwahn, Christian"]
[Result "1-0"]
[WhiteElo "1765"]
[BlackElo "1942"]
[PlyCount "107"]
[EventDate "2022.10.23"]
[EventType "team-tourn"]
[EventRounds "9"]
[EventCountry "GER"]
[SourceTitle "EXT 2024"]
[Source "ChessBase"]
[SourceDate "2023.10.10"]
[SourceVersion "1"]
[SourceVersionDate "2023.10.10"]
[SourceQuality "1"]
[WhiteTeam "Waren"]
[BlackTeam "Greifswald II"]
[WhiteTeamCountry "GER"]
[BlackTeamCountry "GER"]

1. e4 c6 2. d4 d5 3. Nc3 dxe4 4. Nxe4 Bf5 5. Ng3 Bg6 6. Nf3 e6 7. Ne5 Nd7 8. Nxg6 hxg6 9. c3 Qc7 10. Be3 Ngf6 11. Qf3 Bd6 12. h3 0-0-0 13. Bd3 Kb8 14. 0-0 e5 15. Rac1 exd4 16. cxd4 Nd5 17. Ne4 Bh2+ 18. Kh1 Nxe3 19. fxe3 Ne5 20. Qe2 f5 21. Ng5 Ng4 22. Ne6 Qd6 23. Nxd8 Bg1 24. Rf4 Bxe3 25. Rcf1 Qxd8 26. Rxg4 fxg4 27. Qxe3 gxh3 28. gxh3 Qd5+ 29. Be4 Qe6 30. Qg3+ Ka8 31. Bg2 a5 32. b3 Qd7 33. Qc3 Kb8 34. Kh2 g5 35. Qc5 g4 36. Rf8+ Rxf8 37. Qxf8+ Ka7 38. Qc5+ Kb8 39. Qe5+ Ka7 40. Qxa5+ Kb8 41. Qc3 gxh3 42. Bxh3 Qd8 43. Qg3+ Ka8 44. Qe5 g5 45. Qe4 Qd6+ 46. Qe5 Qb4 47. Qe3 Qa5 48. a4 Qd5 49. Bg2 Qd8 50. Kg3 Qh8 51. Qe4 Qf6 52. Kg4 Qh6 53. d5 cxd5 54. Qxd5 1-0

[Event "Mecklenburg VP LL2 Ost 2223"]
[Site "Mecklenburg VP"]
[Date "2022.11.06"]
[Round "2.2"]
[White "Schwahn, Christian"]
[Black "Leisner, Ekkehardt"]
[Result "1-0"]
[WhiteElo "1942"]
[BlackElo "1858"]
[PlyCount "84"]
[EventDate "2022.10.23"]
[EventType "team-tourn"]
[EventRounds "9"]
[EventCountry "GER"]
[SourceTitle "EXT 2024"]
[Source "ChessBase"]
[SourceDate "2023.10.10"]
[SourceVersion "1"]
[SourceVersionDate "2023.10.10"]
[SourceQuality "1"]
[WhiteTeam "Greifswald II"]
[BlackTeam "Neubrandenburg II"]
[WhiteTeamCountry "GER"]
[BlackTeamCountry "GER"]

1. d4 Nf6 2. c4 e6 3. g3 d5 4. Bg2 Bb4+ 5. Bd2 Bxd2+ 6. Nxd2 0-0 7. Ngf3 Nbd7 8. 0-0 c6 9. Qc2 Re8 10. cxd5 exd5 11. Rfe1 Ne4 12. Nxe4 Rxe4 13. e3 Re8 14. a4 a5 15. h4 h6 16. Ra3 Ra6 17. Rc3 Rb6 18. Rc1 Rb4 19. b3 f6 20. Ne1 Nf8 21. Bf1 Bd7 22. Bd3 Re7 23. Qd1 Qc8 24. Rc5 Qd8 25. Bc2 Be8 26. Nd3 Ne6 27. Rc3 Rb6 28. f4 Bg6 29. Qg4 Bxd3 30. Bxd3 Nf8 31. Bc2 Ra6 32. Kf2 Ra8 33. Qh3 Qd6 34. Rd1 Rae8 35. Rdd3 b6 36. Bd1 Rc7 37. Bf3 Rce7 38. Qh1 f5 39. Rxc6 Qxc6 40. Bxd5+ Qe6 41. Bxe6+ Rxe6 42. Qd5 g6 1-0

[Event "Oberliga Nord O 2122"]
[Site "Germany"]
[Date "2022.05.29"]
[Round "5.8"]
[White "Nguyen, Phuc Nhat"]
[Black "Schwahn, Christian"]
[Result "1/2-1/2"]
[WhiteElo "1742"]
[BlackElo "1973"]
[PlyCount "84"]
[EventDate "2021.10.31"]
[EventType "team-tourn"]
[EventRounds "9"]
[EventCountry "GER"]
[SourceTitle "EXT 2024"]
[Source "ChessBase"]
[SourceDate "2023.10.10"]
[SourceVersion "1"]
[SourceVersionDate "2023.10.10"]
[SourceQuality "1"]
[WhiteTeam "Oberschoeneweide"]
[BlackTeam "Greifswald"]
[WhiteTeamCountry "GER"]
[BlackTeamCountry "GER"]

1. e4 c6 2. d4 d5 3. exd5 cxd5 4. Bd3 Nc6 5. c3 Nf6 6. Bf4 Bg4 7. Qb3 Qb6 8. Qxb6 axb6 9. Nd2 e6 10. Ngf3 Be7 11. 0-0 0-0 12. h3 Bh5 13. Ne5 Nxe5 14. dxe5 Nd7 15. Bg3 Bg6 16. Bxg6 hxg6 17. c4 dxc4 18. Nxc4 Rfc8 19. Rfc1 Rc5 20. b4 Rd5 21. a3 b5 22. Ne3 Rd3 23. Rc7 Bxb4 24. Rd1 Rxd1+ 25. Nxd1 Nb6 26. Rxb7 Bc5 27. Nc3 Rxa3 28. Nxb5 Rxg3 29. Rc7 Bxf2+ 30. Kxf2 Rg5 31. Nd6 Rxe5 32. g4 g5 33. Rb7 Na4 34. Rb8+ Kh7 35. Nxf7 Rd5 36. Re8 Nc5 37. Nd8 Nd3+ 38. Kg3 Nf4 39. Nxe6 Rd3+ 40. Kf2 Nxh3+ 41. Kf1 Rd6 42. Re7 Kh8 1/2-1/2

[Event "Oberliga Nord O 2122"]
[Site "Germany"]
[Date "2022.05.01"]
[Round "9.8"]
[White "Goldschmidt, Juergen"]
[Black "Schwahn, Christian"]
[Result "1/2-1/2"]
[WhiteElo "1893"]
[BlackElo "1973"]
[PlyCount "51"]
[EventDate "2021.10.31"]
[EventType "team-tourn"]
[EventRounds "9"]
[EventCountry "GER"]
[SourceTitle "EXT 2023"]
[Source "ChessBase"]
[SourceDate "2022.10.05"]
[SourceVersion "1"]
[SourceVersionDate "2022.10.05"]
[SourceQuality "1"]
[WhiteTeam "Forster"]
[BlackTeam "Greifswald"]
[WhiteTeamCountry "GER"]
[BlackTeamCountry "GER"]

1. c4 Nf6 2. Nc3 e5 3. g3 Nc6 4. Bg2 Bc5 5. d3 0-0 6. Nf3 Re8 7. 0-0 a5 8. Bg5 Be7 9. Rb1 d6 10. a3 Be6 11. Nd2 Qd7 12. Bxf6 Bxf6 13. Nd5 Bd8 14. Re1 Rb8 15. b4 axb4 16. axb4 Ne7 17. b5 c6 18. bxc6 Nxc6 19. Nb6 Bxb6 20. Rxb6 d5 21. cxd5 Bxd5 22. Bxd5 Qxd5 23. Qb1 Nd4 24. Ne4 Re6 25. f3 Qa5 26. Rxe6 1/2-1/2

[Event "Mecklenburg VP LL2 Ost 2122"]
[Site "Mecklenburg VP"]
[Date "2022.04.24"]
[Round "5.2"]
[White "Onasch, Gunnar"]
[Black "Schwahn, Christian"]
[Result "1/2-1/2"]
[WhiteElo "1797"]
[BlackElo "1973"]
[PlyCount "68"]
[EventDate "2021.10.24"]
[EventType "team-tourn"]
[EventRounds "9"]
[EventCountry "GER"]
[SourceTitle "EXT 2024"]
[Source "ChessBase"]
[SourceDate "2023.10.10"]
[SourceVersion "1"]
[SourceVersionDate "2023.10.10"]
[SourceQuality "1"]
[WhiteTeam "Waterkant Saal SV"]
[BlackTeam "Greifswald II"]
[WhiteTeamCountry "GER"]
[BlackTeamCountry "GER"]

1. Nf3 Nf6 2. b3 c5 3. Bb2 e6 4. e3 Nc6 5. Bb5 d6 6. d4 cxd4 7. Nxd4 Bd7 8. 0-0 e5 9. Nf3 a6 10. Be2 Be7 11. c4 0-0 12. Nc3 Be6 13. Qd2 Qb6 14. Ng5 h6 15. Nxe6 fxe6 16. Bf3 Nh7 17. Bg4 Nd8 18. Rad1 Nf6 19. Qe2 Qc6 20. e4 Qe8 21. Ba3 Qg6 22. Bh3 Ne8 23. Rd3 Nf7 24. Qg4 Qxg4 25. Bxg4 Nc7 26. Bh5 Rfd8 27. Rfd1 Ne8 28. g3 Rab8 29. h4 b5 30. cxb5 axb5 31. Bb4 Rd7 32. Rf3 Nf6 33. Bxf7+ Kxf7 34. Rfd3 Ne8 1/2-1/2

[Event "Oberliga Nord O 2122"]
[Site "Germany"]
[Date "2022.03.06"]
[Round "6.8"]
[White "Schwahn, Christian"]
[Black "Freude, Max"]
[Result "0-1"]
[WhiteElo "1973"]
[BlackElo "1823"]
[PlyCount "142"]
[EventDate "2021.10.31"]
[EventType "team-tourn"]
[EventRounds "9"]
[EventCountry "GER"]
[SourceTitle "EXT 2023"]
[Source "ChessBase"]
[SourceDate "2022.10.05"]
[SourceVersion "1"]
[SourceVersionDate "2022.10.05"]
[SourceQuality "1"]
[WhiteTeam "Greifswald"]
[BlackTeam "Berlin Empor"]
[WhiteTeamCountry "GER"]
[BlackTeamCountry "GER"]

1. d4 Nf6 2. g3 d5 3. Bg2 e6 4. Nf3 Be7 5. 0-0 0-0 6. c4 c6 7. Nc3 Nbd7 8. cxd5 exd5 9. b3 Bd6 10. e4 Nxe4 11. Nxe4 dxe4 12. Ng5 Nf6 13. Nxe4 Nxe4 14. Bxe4 Be6 15. Re1 Qd7 16. h4 Bb4 17. Re3 Rad8 18. Qc2 h6 19. Rd3 Rfe8 20. Bf4 Bf5 21. Bxf5 Qxf5 22. Rc3 Qxc2 23. Rxc2 Rxd4 24. Be3 Rde4 25. Bxa7 f5 26. Be3 Bd6 27. Rd1 Bxg3 28. Rd7 R4e7 29. Rxe7 Rxe7 30. fxg3 Rxe3 31. Kf2 Rd3 32. a4 Rxb3 33. a5 Rb5 34. a6 bxa6 35. Rxc6 Rb2+ 36. Kf3 Ra2 37. Kf4 Ra5 38. g4 fxg4 39. Kxg4 Ra1 40. Kh5 Kh7 41. Rc7 a5 42. Ra7 a4 43. Kg4 a3 44. Kg3 a2 45. Kh2 Kg6 46. Ra5 Kf6 47. h5 Ke6 48. Kg2 Kf6 49. Kh2 Rf1 50. Rxa2 Rf5 51. Ra6+ Kf7 52. Ra7+ Kg8 53. Kh3 Rxh5+ 54. Kg4 Rg5+ 55. Kh4 Kh7 56. Rb7 Ra5 57. Rb4 h5 58. Rb6 g6 59. Rc6 Kh6 60. Rb6 Ra4+ 61. Kg3 h4+ 62. Kh3 Kh5 63. Rb3 g5 64. Rb8 Ra3+ 65. Kh2 Ra2+ 66. Kg1 h3 67. Kh1 Kh4 68. Rb7 g4 69. Rb1 Ra4 70. Rc1 g3 71. Rb1 h2 0-1

[Event "Mecklenburg VP Verbandsliga 1920"]
[Site "Mecklenburg VP"]
[Date "2019.11.24"]
[Round "3.5"]
[White "Schwahn, Christian"]
[Black "Gebert Vangeel, Ralf"]
[Result "1/2-1/2"]
[WhiteElo "1973"]
[BlackElo "2033"]
[PlyCount "92"]
[EventDate "2019.09.29"]
[EventType "team-tourn"]
[EventRounds "9"]
[EventCountry "GER"]
[SourceTitle "EXT 2023"]
[Source "ChessBase"]
[SourceDate "2022.10.05"]
[SourceVersion "1"]
[SourceVersionDate "2022.10.05"]
[SourceQuality "1"]
[WhiteTeam "Greifswald II"]
[BlackTeam "Guestrow/Teterow"]
[WhiteTeamCountry "GER"]
[BlackTeamCountry "GER"]

1. e4 e5 2. Nf3 Nc6 3. Bb5 a6 4. Ba4 Nf6 5. 0-0 b5 6. Bb3 Be7 7. Re1 0-0 8. d3 d6 9. c3 Na5 10. Bc2 c5 11. Nbd2 g6 12. Nf1 Nh5 13. d4 cxd4 14. cxd4 Nc6 15. a4 Bg4 16. dxe5 Bxf3 17. gxf3 dxe5 18. Ne3 Nd4 19. Nd5 Bc5 20. Be3 Nf4 21. Nxf4 exf4 22. Bxd4 Bxd4 23. axb5 Qg5+ 24. Kh1 Bxb2 25. Rxa6 Bc3 26. Rg1 Qxb5 27. Rxa8 Rxa8 28. Bb3 Rb8 29. Bd5 Qb2 30. Qc1 Be5 31. Qxb2 Rxb2 32. Ra1 Rc2 33. Ra2 Rc7 34. Kg2 Kg7 35. Ra3 Kf6 36. Rb3 Kg5 37. Rb7 Kf6 38. Rxc7 Bxc7 39. Kh3 g5 40. Kg4 Bb6 41. e5+ Kxe5 42. Bxf7 Kf6 43. Be8 h6 44. Bd7 Bxf2 45. Kh5 Kg7 46. Bc8 Bc5 1/2-1/2

[Event "Mecklenburg VP VL1819"]
[Site "Mecklenburg VP"]
[Date "2019.04.07"]
[Round "9.4"]
[White "Junggebauer, Thomas"]
[Black "Schwahn, Christian"]
[Result "1-0"]
[WhiteElo "1902"]
[BlackElo "1984"]
[PlyCount "48"]
[EventDate "2018.10.21"]
[EventType "team-tourn"]
[EventRounds "9"]
[EventCountry "GER"]
[SourceTitle "EXT 2022"]
[Source "ChessBase"]
[SourceDate "2021.10.06"]
[SourceVersion "1"]
[SourceVersionDate "2021.10.06"]
[SourceQuality "1"]
[WhiteTeam "Wismar ASV Gruen-Weiss"]
[BlackTeam "Greifswald II"]
[WhiteTeamCountry "GER"]
[BlackTeamCountry "GER"]

1. e4 e6 2. d4 d5 3. Nd2 c5 4. exd5 exd5 5. Bb5+ Nc6 6. Qe2+ Be7 7. Ngf3 Nf6 8. dxc5 0-0 9. Nb3 Ne4 10. Be3 Re8 11. 0-0-0 Nxc5 12. Bxc5 Bxc5 13. Qd2 Bb6 14. Kb1 Bf5 15. Nfd4 Bd7 16. Nf3 Qc7 17. Qxd5 Rad8 18. Qd6 Qc8 19. Bxc6 Bxc6 20. Qb4 Be4 21. Rd2 Rxd2 22. Qxd2 Bxf3 23. gxf3 Qf5 24. Re1 Rd8 1-0

[Event "Mecklenburg VP VL1819"]
[Site "Mecklenburg VP"]
[Date "2019.03.24"]
[Round "8.5"]
[White "Simcaks, Sergejs"]
[Black "Schwahn, Christian"]
[Result "1/2-1/2"]
[WhiteElo "1867"]
[BlackElo "1984"]
[PlyCount "122"]
[EventDate "2018.10.21"]
[EventType "team-tourn"]
[EventRounds "9"]
[EventCountry "GER"]
[SourceTitle "EXT 2022"]
[Source "ChessBase"]
[SourceDate "2021.10.06"]
[SourceVersion "1"]
[SourceVersionDate "2021.10.06"]
[SourceQuality "1"]
[WhiteTeam "Graal Mueritz"]
[BlackTeam "Greifswald II"]
[WhiteTeamCountry "GER"]
[BlackTeamCountry "GER"]

1. e4 c5 2. Nf3 d6 3. d4 cxd4 4. Nxd4 Nf6 5. Nc3 a6 6. Bc4 e6 7. Bb3 b5 8. 0-0 Be7 9. Kh1 0-0 10. a3 Bd7 11. f4 Nc6 12. f5 Nxd4 13. Qxd4 Ng4 14. h3 Ne5 15. Bf4 Qc7 16. Rad1 Rad8 17. Qe3 Bc8 18. Qg3 Kh8 19. Bg5 Bxg5 20. Qxg5 f6 21. Qh5 exf5 22. Nd5 Qf7 23. Qxf7 Rxf7 24. Nb6 Rc7 25. Nxc8 Rcxc8 26. exf5 h5 27. Rf4 Nc4 28. Rh4 Rc5 29. Rxh5+ Kg8 30. Rh4 d5 31. Bxc4 bxc4 32. c3 Re8 33. Rhd4 Re5 34. g4 Kf7 35. R1d2 Ke7 36. Kg2 Kd6 37. Kf3 Rc8 38. Kf4 Kc5 39. h4 Rh8 40. Rh2 Rhe8 41. h5 Re1 42. h6 Rf1+ 43. Kg3 gxh6 44. Rxh6 Re3+ 45. Kg2 Rff3 46. Rh4 Rg3+ 47. Kh2 Rgf3 48. Rd2 Rf4 49. Rg2 d4 50. cxd4+ Kxd4 51. Rh6 Ke5 52. Rh8 Rff3 53. Ra8 c3 54. Rxa6 cxb2 55. Rxb2 Rxa3 56. Re6+ Kf4 57. Rxf6 Rh3+ 58. Kg1 Rag3+ 59. Rg2 Rxg2+ 60. Kxg2 Rg3+ 61. Kf2 Rxg4 1/2-1/2

[Event "Mecklenburg VP VL1819"]
[Site "Mecklenburg VP"]
[Date "2018.12.16"]
[Round "4.3"]
[White "Glawe, Hartmut"]
[Black "Schwahn, Christian"]
[Result "1/2-1/2"]
[WhiteElo "1942"]
[BlackElo "1984"]
[PlyCount "57"]
[EventDate "2018.10.21"]
[EventType "team-tourn"]
[EventRounds "9"]
[EventCountry "GER"]
[SourceTitle "EXT 2022"]
[Source "ChessBase"]
[SourceDate "2021.10.06"]
[SourceVersion "1"]
[SourceVersionDate "2021.10.06"]
[SourceQuality "1"]
[WhiteTeam "Stralsund FHSG"]
[BlackTeam "Greifswald II"]
[WhiteTeamCountry "GER"]
[BlackTeamCountry "GER"]

1. d4 Nf6 2. Nf3 e6 3. Bf4 b6 4. e3 Bb7 5. Be2 Be7 6. h3 0-0 7. 0-0 a5 8. c4 d6 9. Nc3 Nbd7 10. Qc2 Nh5 11. Bh2 g6 12. Rfd1 f5 13. e4 fxe4 14. Nxe4 Nf4 15. c5 Bd5 16. Ne1 bxc5 17. dxc5 Bxe4 18. Qxe4 Nxc5 19. Qc4 d5 20. Bxf4 dxc4 21. Rxd8 Raxd8 22. Bxc7 Rd2 23. Bxc4 Bd8 24. Bg3 Bf6 25. Rb1 Bxb2 26. Bh4 Re8 27. Bg5 Bc3 28. Bxd2 Bxd2 29. Nd3 1/2-1/2

[Event "Mecklenburg VP VL 1718"]
[Site "Mecklenburg VP"]
[Date "2018.01.21"]
[Round "5.3"]
[White "Schwahn, Christian"]
[Black "Westphal, Wolfgang"]
[Result "1/2-1/2"]
[WhiteElo "1950"]
[BlackElo "2131"]
[PlyCount "76"]
[EventDate "2017.10.08"]
[EventType "team-tourn"]
[EventRounds "9"]
[EventCountry "GER"]
[SourceTitle "EXT 2022"]
[Source "ChessBase"]
[SourceDate "2021.10.06"]
[SourceVersion "1"]
[SourceVersionDate "2021.10.06"]
[SourceQuality "1"]
[WhiteTeam "Greifswald II"]
[BlackTeam "Schwerin SF II"]
[WhiteTeamCountry "GER"]
[BlackTeamCountry "GER"]

1. d4 Nf6 2. g3 e6 3. Bg2 Nc6 4. Nf3 Be7 5. 0-0 0-0 6. c4 d5 7. Ne5 Nxe5 8. dxe5 Nd7 9. cxd5 Nxe5 10. dxe6 Bxe6 11. Nc3 c6 12. Bf4 Ng6 13. Be3 Qa5 14. Qa4 Qxa4 15. Nxa4 Rfd8 16. f4 Bc4 17. Kf2 Nf8 18. Rfc1 Be6 19. Nc5 Bxc5 20. Rxc5 Nd7 21. Ra5 a6 22. f5 Bc4 23. b3 Bb5 24. a4 b6 25. axb5 bxa5 26. bxc6 Nf6 27. Bb6 Rd2 28. Ke1 Rc2 29. Bf3 Rc8 30. Rxa5 R2xc6 31. Bxc6 Rxc6 32. Rc5 Rxc5 33. Bxc5 Ne4 34. Bb4 g6 35. fxg6 hxg6 36. e3 f5 37. Ke2 Kf7 38. Kf3 Nf6 1/2-1/2

[Event "Mecklenburg VP VL 1718"]
[Site "Mecklenburg VP"]
[Date "2017.10.08"]
[Round "1.2"]
[White "Schwahn, Christian"]
[Black "Luther, Alexander"]
[Result "0-1"]
[WhiteElo "1950"]
[BlackElo "1973"]
[PlyCount "150"]
[EventDate "2017.10.08"]
[EventType "team-tourn"]
[EventRounds "9"]
[EventCountry "GER"]
[SourceTitle "EXT 2022"]
[Source "ChessBase"]
[SourceDate "2021.10.06"]
[SourceVersion "1"]
[SourceVersionDate "2021.10.06"]
[SourceQuality "1"]
[WhiteTeam "Greifswald II"]
[BlackTeam "Guestrow/Teterow"]
[WhiteTeamCountry "GER"]
[BlackTeamCountry "GER"]

1. Nf3 d5 2. d4 Nf6 3. g3 e6 4. Bg2 Be7 5. 0-0 0-0 6. c4 dxc4 7. Ne5 Nc6 8. Bxc6 bxc6 9. Nxc6 Qe8 10. Nxe7+ Qxe7 11. Qa4 Qd6 12. Nc3 Qxd4 13. Be3 Qg4 14. f3 Qh3 15. Qxc4 Bb7 16. Rf2 Nd5 17. Bc5 Rfd8 18. e4 Nb6 19. Bxb6 cxb6 20. Qc7 Ba6 21. Re1 Qh5 22. e5 Rd3 23. Ne4 Rd5 24. g4 Qxe5 25. Qxe5 Rxe5 26. Rd1 Rd5 27. Rxd5 exd5 28. Nc3 d4 29. Ne4 Rc8 30. Rd2 d3 31. Kf2 Kf8 32. Ke3 Rc6 33. Nc3 Re6+ 34. Kd4 Rd6+ 35. Ke3 Re6+ 36. Kd4 Re1 37. b4 Rf1 38. Ke3 Bb7 39. Ne4 Bxe4 40. fxe4 Rg1 41. Rxd3 Rxg4 42. b5 Rg2 43. Ra3 Rb2 44. Rxa7 Rxb5 45. Kf4 Ra5 46. Rb7 Rxa2 47. Rb8+ Ke7 48. Rb7+ Kd8 49. Ke5 Rf2 50. Rxb6 Rxh2 51. Rb8+ Kc7 52. Rb1 Rh5+ 53. Kd4 f6 54. Ke3 Kd6 55. Rb6+ Ke7 56. Rb7+ Kf8 57. Kf4 Re5 58. Ra7 Re7 59. Ra1 Kf7 60. Rh1 g5+ 61. Kf3 Kg6 62. Ra1 h5 63. Ra8 h4 64. Rg8+ Rg7 65. Rd8 Kf7 66. Ra8 g4+ 67. Kg2 Ke6 68. Ra5 Rg5 69. Ra1 Rb5 70. Rf1 Rb2+ 71. Kg1 h3 72. Rf4 g3 73. Rf1 Re2 74. Ra1 Rxe4 75. Re1 Rxe1# 0-1

[Event "Mecklenburg VP LL 1617"]
[Site "Mecklenburg VP"]
[Date "2017.04.02"]
[Round "8.2"]
[White "Kliewe, Hans Juergen"]
[Black "Schwahn, Christian"]
[Result "1/2-1/2"]
[WhiteElo "1963"]
[BlackElo "1979"]
[PlyCount "55"]
[EventDate "2016.10.16"]
[EventType "team-tourn"]
[EventRounds "9"]
[EventCountry "GER"]
[SourceTitle "EXT 2022"]
[Source "ChessBase"]
[SourceDate "2021.10.06"]
[SourceVersion "1"]
[SourceVersionDate "2021.10.06"]
[SourceQuality "1"]
[WhiteTeam "Wismar ASV Gruen-Weiss"]
[BlackTeam "Greifswald II"]
[WhiteTeamCountry "GER"]
[BlackTeamCountry "GER"]

1. d4 Nf6 2. Nf3 e6 3. c4 b6 4. Bf4 Ba6 5. e3 Bb4+ 6. Nc3 0-0 7. Qb3 Bxc3+ 8. Qxc3 d6 9. Be2 Nbd7 10. 0-0 Ne4 11. Qc2 f5 12. h3 Bb7 13. Nd2 a5 14. Rad1 Nxd2 15. Qxd2 Qe7 16. d5 e5 17. Bh2 Nc5 18. Qc2 Bc8 19. b3 Bd7 20. a3 Rae8 21. Ra1 f4 22. e4 f3 23. Bxf3 Rxf3 24. gxf3 Bxh3 25. b4 Qg5+ 26. Bg3 Qh5 27. Qc3 Bxf1 28. Rxf1 1/2-1/2

[Event "Mecklenburg VP LL 1617"]
[Site "Mecklenburg VP"]
[Date "2016.11.20"]
[Round "3.1"]
[White "Schwahn, Christian"]
[Black "Schinke, Andreas"]
[Result "0-1"]
[WhiteElo "1979"]
[BlackElo "2034"]
[PlyCount "90"]
[EventDate "2016.10.16"]
[EventType "team-tourn"]
[EventRounds "9"]
[EventCountry "GER"]
[SourceTitle "EXT 2022"]
[Source "ChessBase"]
[SourceDate "2021.10.06"]
[SourceVersion "1"]
[SourceVersionDate "2021.10.06"]
[SourceQuality "1"]
[WhiteTeam "Greifswald II"]
[BlackTeam "Grevesmuehlen Blau Weiss"]
[WhiteTeamCountry "GER"]
[BlackTeamCountry "GER"]

1. e4 d6 2. d4 g6 3. Nf3 Bg7 4. Nc3 Nf6 5. Be2 0-0 6. 0-0 c6 7. a4 a5 8. h3 Nbd7 9. Be3 e5 10. dxe5 dxe5 11. Ne1 Qe7 12. Nd3 Re8 13. Bf3 Nf8 14. Nb1 N6d7 15. Na3 Ne6 16. Nc4 c5 17. Nc1 b6 18. Ne2 Ba6 19. b3 Nd4 20. Nc3 Bb7 21. Nb5 Nxb5 22. axb5 Rad8 23. Qc1 f5 24. Rd1 Nf6 25. Nxb6 Nxe4 26. Bxe4 Bxe4 27. Rxd8 Qxd8 28. Nc4 f4 29. Bxc5 Qd5 30. Nd6 Bxg2 31. Nxe8 Bxh3 32. f3 Qxc5+ 33. Kh1 Qf2 34. Qg1 Qxf3+ 35. Kh2 Bd7 36. Qg2 Qh5+ 37. Kg1 Bxe8 38. Rxa5 f3 39. Qd2 Qg4+ 40. Kf1 Qh3+ 41. Kg1 Qg3+ 42. Kf1 Bh6 43. Qf2 Qh3+ 44. Ke1 Qh1+ 45. Qf1 Bd2+ 0-1

[Event "Mecklenburg VP LL 1617"]
[Site "Mecklenburg VP"]
[Date "2016.11.06"]
[Round "2.3"]
[White "Glawe, Hartmut"]
[Black "Schwahn, Christian"]
[Result "1-0"]
[WhiteElo "1939"]
[BlackElo "1979"]
[PlyCount "115"]
[EventDate "2016.10.16"]
[EventType "team-tourn"]
[EventRounds "9"]
[EventCountry "GER"]
[SourceTitle "EXT 2022"]
[Source "ChessBase"]
[SourceDate "2021.10.06"]
[SourceVersion "1"]
[SourceVersionDate "2021.10.06"]
[SourceQuality "1"]
[WhiteTeam "Stralsund FHSG"]
[BlackTeam "Greifswald II"]
[WhiteTeamCountry "GER"]
[BlackTeamCountry "GER"]

1. d4 Nf6 2. Bf4 b6 3. Nf3 Bb7 4. e3 g6 5. c4 Bg7 6. Nc3 0-0 7. Be2 a5 8. h3 Na6 9. 0-0 d6 10. Rc1 Nd7 11. Qb3 e5 12. Bg5 f6 13. Bh4 e4 14. Nd2 g5 15. Bg3 f5 16. c5+ Kh8 17. cxd6 c5 18. d5 Nb4 19. Bc4 f4 20. Bh2 Ne5 21. Ndxe4 a4 22. Nxa4 Nxc4 23. Rxc4 Bxd5 24. Nac3 Bg8 25. Rd1 Rf5 26. a3 Nc6 27. Qb5 Na7 28. Qb3 Nc6 29. Qb5 Na7 30. Qb3 b5 31. Nxb5 Nxb5 32. Qxb5 Rb8 33. Qa4 Bxc4 34. Qxc4 Qd7 35. Nxc5 Qc6 36. b4 fxe3 37. fxe3 Rbf8 38. Bg3 h5 39. e4 R5f7 40. Qd5 Qb5 41. Nd3 Qxd5 42. exd5 Bd4+ 43. Kh2 Be3 44. Ne5 Rf1 45. Rxf1 Rxf1 46. Nf3 Kg8 47. d7 Bb6 48. Bd6 g4 49. hxg4 hxg4 50. Ne5 Rd1 51. Bc5 Bd8 52. d6 Bh4 53. Nc6 Rd3 54. Ne7+ Kf7 55. d8Q Bg3+ 56. Kh1 Rd1+ 57. Bg1 Rxd6 58. Qg8+ 1-0

[Event "Mecklenburg VP LL 1617"]
[Site "Mecklenburg VP"]
[Date "2016.10.16"]
[Round "1.1"]
[White "Schwahn, Christian"]
[Black "Montag, Ralf"]
[Result "0-1"]
[WhiteElo "1979"]
[BlackElo "1918"]
[PlyCount "42"]
[EventDate "2016.10.16"]
[EventType "team-tourn"]
[EventRounds "9"]
[EventCountry "GER"]
[SourceTitle "EXT 2022"]
[Source "ChessBase"]
[SourceDate "2021.10.06"]
[SourceVersion "1"]
[SourceVersionDate "2021.10.06"]
[SourceQuality "1"]
[WhiteTeam "Greifswald II"]
[BlackTeam "Ludwigslust VT 2000"]
[WhiteTeamCountry "GER"]
[BlackTeamCountry "GER"]

1. d4 Nf6 2. Nf3 g6 3. c4 Bg7 4. Nc3 d5 5. Qb3 dxc4 6. Qxc4 0-0 7. Bf4 c6 8. e4 b5 9. Qd3 b4 10. Na4 Ba6 11. Qe3 Bxf1 12. Kxf1 Qa5 13. b3 Nfd7 14. Rc1 e5 15. dxe5 Nxe5 16. Rc5 Qa6+ 17. Qe2 Nd3 18. Bxb8 Nxc5 19. Bd6 Qxe2+ 20. Kxe2 Nxa4 21. Bxf8 Nc3+ 0-1